[Event "TUR-chT"]
[Site "Kocaeli"]
[Date "2015.08.11"]
[Round "8.1"]
[White "Moiseenko, Alexander"]
[Black "Kuzubov, Yuriy"]
[Result "1/2-1/2"]
[WhiteElo "2710"]
[BlackElo "2638"]
[PlyCount "70"]
[EventDate "2015.08.04"]
[EventType "team-tourn"]
[EventRounds "13"]
[EventCountry "TUR"]
[SourceTitle "CBM 167 Extra"]
[Source "ChessBase"]
[SourceDate "2015.09.14"]
[SourceVersion "1"]
[SourceVersionDate "2015.09.14"]
[SourceQuality "1"]
[WhiteTeam "Kayseri Seker"]
[BlackTeam "Tarsus Zeka"]
[WhiteTeamCountry "TUR"]
[BlackTeamCountry "TUR"]

1. d4 f5 2. Bg5 h6 3. Bd2 Nf6 4. e3 d6 5. Be2 g6 6. Nf3 Nc6 7. Nh4 Kf7 8. O-O
e5 9. dxe5 dxe5 10. Bc4+ Kg7 11. Bc3 Bd6 12. Nd2 Qe7 13. Qe2 Kh7 14. Rad1 a6
15. a4 Bd7 16. e4 f4 17. Bb3 Bg4 18. Nhf3 g5 19. h3 Bh5 20. g4 Be8 21. Kg2 Rd8
22. Rh1 Bf7 23. h4 Kg6 24. Bxf7+ Qxf7 25. h5+ Kh7 26. Ne1 Bb4 27. Bxb4 Nxb4 28.
c3 Nc6 29. f3 Rd6 30. Nd3 Rhd8 31. Nf2 Qa2 32. Qc4 Qxc4 33. Nxc4 Rxd1 34. Rxd1
Rxd1 35. Nxd1 Kg7 1/2-1/2

[Event "ESP-chT CECLUB Honor"]
[Site "Melilla"]
[Date "2011.11.24"]
[Round "5"]
[White "Vachier Lagrave, Maxime"]
[Black "Ganguly, Surya Shekhar"]
[Result "1/2-1/2"]
[WhiteElo "2710"]
[BlackElo "2625"]
[PlyCount "92"]
[EventDate "2011.11.21"]
[EventType "team-tourn"]
[EventRounds "7"]
[EventCountry "ESP"]
[SourceTitle "CBM 146"]
[Source "ChessBase"]
[SourceDate "2012.01.18"]
[SourceVersion "1"]
[SourceVersionDate "2012.01.18"]
[SourceQuality "1"]
[WhiteTeam "Sestao"]
[BlackTeam "Solvay"]
[WhiteTeamCountry "ESP"]
[BlackTeamCountry "ESP"]

1. c4 Nf6 2. Nc3 e6 3. e4 d5 4. e5 d4 5. exf6 dxc3 6. bxc3 Qxf6 7. d4 e5 8. Nf3
exd4 9. Bg5 Qe6+ 10. Be2 Be7 11. cxd4 Bxg5 12. Nxg5 Qg6 13. f4 O-O 14. O-O Nc6
15. Qd2 h6 16. Nf3 Qd6 17. d5 Ne7 18. Rad1 c6 19. dxc6 Qxc6 20. Rfe1 Qc7 21.
Qd6 Qxd6 22. Rxd6 Be6 23. Nd4 Nf5 24. Nxf5 Bxf5 25. Bf3 Rac8 26. Bd5 Rc7 27. h3
b6 28. Kh2 Bd3 29. Rc1 Rfc8 30. Bxf7+ Rxf7 31. Rxd3 Rxf4 32. Rd7 a5 33. Rb7
Rcxc4 34. Rxc4 Rxc4 35. Rxb6 Rc2 36. Ra6 Rxa2 37. Ra7 a4 38. h4 a3 39. h5 Ra1
40. Kg3 Kf8 41. Kg4 a2 42. Ra8+ Kf7 43. Ra7+ Kf6 44. Ra6+ Ke5 45. Ra8 Kd4 46.
Ra7 Ke5 1/2-1/2

[Event "Saint Louis Rapid 2021"]
[Site "Saint Louis USA"]
[Date "2021.08.11"]
[Round "2.4"]
[White "Xiong, Jeffery"]
[Black "So, W."]
[Result "1/2-1/2"]
[WhiteElo "2710"]
[BlackElo "2772"]
[PlyCount "130"]
[EventDate "2021.08.13"]
[EventType "tourn (rapid)"]
[EventRounds "9"]
[EventCountry "USA"]
[EventCategory "20"]
[SourceTitle "The Week in Chess 1397"]
[Source "Mark Crowther"]
[SourceDate "2021.08.16"]
[SourceVersion "2"]
[SourceVersionDate "2021.08.17"]
[SourceQuality "2"]

1. e4 e5 2. Nf3 Nc6 3. Bb5 a6 4. Ba4 Nf6 5. O-O Be7 6. Re1 b5 7. Bb3 O-O 8. c3
d5 9. exd5 Nxd5 10. Nxe5 Nxe5 11. Rxe5 c6 12. d3 Bd6 13. Re1 Bf5 14. Qf3 Qh4
15. g3 Qh3 16. Be3 Bxd3 17. Nd2 Bf5 18. Ne4 Bxe4 19. Qxe4 Rae8 20. Qf3 Nxe3 21.
Rxe3 Rxe3 22. Qxe3 Qf5 23. Rd1 Bc5 24. Qf4 Qxf4 25. gxf4 a5 26. a3 a4 27. Ba2
Re8 28. Rd7 Re2 29. Rd8+ Bf8 30. Rd7 g6 31. Bxf7+ Kh8 32. b4 axb3 33. Bxb3 Bxa3
34. Rd8+ Kg7 35. Rd7+ Re7 36. Rxe7+ Bxe7 37. Kg2 Kf6 38. Kf3 Bd6 39. Ke4 Bc5
40. f3 Bf2 41. Bc2 c5 42. Kd5 Be3 43. h3 b4 44. cxb4 cxb4 45. Kc4 Bd2 46. Be4
Ke6 47. Kb3 Kd6 48. Kc4 Bc3 49. Bc2 Ke6 50. Be4 Kf6 51. Kb3 Kg7 52. Kc4 Kf7 53.
Kb3 Kf6 54. Kc4 Bd2 55. Kb3 Bxf4 56. Kxb4 Kg5 57. Bd5 Kh4 58. Be6 Kg3 59. Kc4
Kxf3 60. Kd3 g5 61. Bc8 h5 62. Bd7 g4 63. Bxg4+ hxg4 64. hxg4 Bd2 65. Kxd2 Kxg4
1/2-1/2

[Event "SWIFT-Chess World Championship"]
[Site "Brussels"]
[Date "1987.??.??"]
[Round "?"]
[White "Karpov, Anatoly"]
[Black "Kortschnoj, Viktor Lvovich"]
[Result "0-1"]
[WhiteElo "2710"]
[BlackElo "2625"]
[PlyCount "130"]
[EventDate "1987.04.??"]
[EventType "tourn (blitz)"]
[EventRounds "22"]
[EventCountry "BEL"]
[EventCategory "15"]
[SourceTitle "CBM 002"]
[Source "ChessBase"]
[SourceDate "1988.02.01"]
[SourceVersion "1"]
[SourceVersionDate "1988.02.01"]
[SourceQuality "1"]

1. d4 Nf6 2. c4 e6 3. Nf3 b6 4. g3 Ba6 5. b3 Bb7 6. Bg2 Bb4+ 7. Bd2 a5 8. O-O
O-O 9. Qc2 Be4 10. Qc1 Nc6 11. Bc3 Ne7 12. a3 Bxc3 13. Nxc3 Bb7 14. Qc2 d6 15.
Rfd1 Ng6 16. b4 Qe7 17. e3 Rfc8 18. Rab1 axb4 19. axb4 Rab8 20. d5 exd5 21.
Nxd5 Nxd5 22. cxd5 c6 23. dxc6 Bxc6 24. Rbc1 Qe8 25. Qd2 Bxf3 26. Bxf3 Ne5 27.
Bd5 g6 28. Qd4 Qb5 29. h4 Qe2 30. Qf4 Rc2 31. Re1 Rxc1 32. Rxc1 Qd2 33. Bxf7+
Nxf7 34. Rc7 Qd5 35. Qf6 Re8 36. Kh2 Qe6 37. Qd4 Qf5 38. Kg1 Ra8 39. Rc1 Ra2
40. Rf1 b5 41. Kg2 Rc2 42. Qb6 Qe4+ 43. Kg1 Qxb4 44. Qb7 Qc4 45. Kg2 b4 46. Rb1
Qe2 47. Qf3 Qxf3+ 48. Kxf3 Rc4 49. Ke2 d5 50. Kd2 Ne5 51. f4 Nc6 52. Kd3 Kf7
53. Ra1 Ke6 54. Ra6 Kd6 55. Rb6 Kc5 56. Rb7 Na5 57. Rxh7 b3 58. Rh8 b2 59. Rb8
Rb4 60. Rxb4 Kxb4 61. Kc2 Nc4 62. g4 Nxe3+ 63. Kxb2 Nxg4 64. Kc2 Kc4 65. Kd2
Kd4 0-1

[Event "St Petersburg-Moscow m 22nd"]
[Site "St Petersburg"]
[Date "2011.09.17"]
[Round "1"]
[White "Malakhov, Vladimir"]
[Black "Romanov, Evgeny"]
[Result "0-1"]
[WhiteElo "2710"]
[BlackElo "2639"]
[PlyCount "76"]
[EventDate "2011.09.17"]
[EventType "team"]
[EventRounds "2"]
[EventCountry "RUS"]
[SourceTitle "CBM 144 Extra"]
[Source "ChessBase"]
[SourceDate "2011.10.28"]
[SourceVersion "1"]
[SourceVersionDate "2011.10.28"]
[SourceQuality "1"]
[WhiteTeam "Moscow"]
[BlackTeam "St Petersburg"]
[WhiteTeamCountry "RUS"]
[BlackTeamCountry "RUS"]

1. e4 e6 2. d4 d5 3. Nd2 c5 4. Ngf3 cxd4 5. Nxd4 Nf6 6. exd5 a6 7. N2f3 Qxd5 8.
c4 Qd6 9. Bd3 Be7 10. O-O O-O 11. Qe2 Nbd7 12. Bc2 Re8 13. Bg5 Qc7 14. Rad1 Nf8
15. Ne5 N6d7 16. Bxe7 Rxe7 17. Ndf3 f6 18. Ng4 b6 19. Ne3 Rf7 20. Be4 Rb8 21.
b4 f5 22. Nxf5 exf5 23. Bd5 Bb7 24. Bxf7+ Kxf7 25. Rxd7+ Nxd7 26. Ng5+ Kg6 27.
Qe7 Qxc4 28. Ne6 Rg8 29. Qxd7 Bc8 30. Nf4+ Qxf4 31. Qc6+ Kf7 32. Re1 Rd8 33.
Qxb6 Qd6 34. Qa5 Re8 35. Rf1 Re5 36. Qa3 Bb7 37. h3 Qg6 38. f3 Re2 0-1

[Event "European Online CC PlayA"]
[Site "Tornelo INT"]
[Date "2021.03.29"]
[Round "2.3"]
[White "Artemiev, V."]
[Black "Maghsoodloo, Parham"]
[Result "1-0"]
[WhiteElo "2709"]
[BlackElo "2676"]
[PlyCount "67"]
[EventDate "2021.03.29"]
[EventType "team (rapid)"]
[EventRounds "5"]
[SourceTitle "The Week in Chess 1377"]
[Source "Mark Crowther"]
[SourceDate "2021.03.29"]
[SourceVersion "1"]
[SourceVersionDate "2021.03.29"]
[SourceQuality "2"]
[WhiteTeam "Ladya Kazan"]
[BlackTeam "Clichy Echecs 92"]

1. Nf3 d5 2. d4 Nf6 3. Bg5 e6 4. e3 c5 5. c3 Nbd7 6. Nbd2 Bd6 7. Bd3 h6 8. Bh4
O-O 9. O-O Qc7 10. Re1 b6 11. e4 dxe4 12. Nxe4 Nxe4 13. Bxe4 Rb8 14. Bc2 Re8
15. Qd3 Nf8 16. dxc5 bxc5 17. Ba4 c4 18. Qd2 Bb7 19. Bxe8 Bxf3 20. Bxf7+ Kxf7
21. gxf3 Bxh2+ 22. Kg2 Ng6 23. Bg3 Bxg3 24. fxg3 Ne7 25. Rad1 Nd5 26. Qe2 Qc6
27. Rd4 Nb6 28. Rf4+ Kg8 29. Re4 Qa4 30. Rxe6 Qxa2 31. Re8+ Rxe8 32. Qxe8+ Kh7
33. Qe4+ Kh8 34. Qg6 1-0

[Event "European Rapid 2018"]
[Site "Skopje MKD"]
[Date "2018.12.09"]
[Round "11.26"]
[White "Artemiev, V."]
[Black "Marjanovic, Dej"]
[Result "1-0"]
[WhiteElo "2709"]
[BlackElo "2400"]
[PlyCount "104"]
[EventDate "2018.12.08"]
[EventType "swiss (rapid)"]
[EventRounds "13"]
[EventCountry "MKD"]
[SourceTitle "The Week in Chess 1257"]
[Source "Mark Crowther"]
[SourceDate "2018.12.10"]
[SourceVersion "1"]
[SourceVersionDate "2018.12.10"]
[SourceQuality "2"]

1. e4 e5 2. Nf3 Nc6 3. Bc4 Bc5 4. c3 Nf6 5. d3 O-O 6. Bg5 Be7 7. Nbd2 d6 8. a4
h6 9. Bh4 a5 10. O-O g5 11. Bg3 Bg4 12. Re1 Qd7 13. Nf1 Be6 14. Bb5 Qc8 15. Ne3
Nd8 16. Bc4 c6 17. Qc2 Ng4 18. Bxe6 Nxe3 19. Bxf7+ Rxf7 20. fxe3 h5 21. d4 h4
22. Bf2 Rh7 23. dxe5 dxe5 24. Nxe5 Qe6 25. Nf3 c5 26. e5 g4 27. Nd2 Nf7 28. Qb3
Qxe5 29. Kh1 Kh8 30. e4 g3 31. Bg1 h3 32. Re2 Qh5 33. Rae1 Rg8 34. Qd5 Ne5 35.
gxh3 Bf6 36. Qe6 Qg6 37. Rg2 Nd3 38. Rf1 Bh4 39. Qxg6 Rxg6 40. Be3 Rg8 41. Rfg1
b6 42. hxg3 Bd8 43. h4 Nxb2 44. Nf3 Nxa4 45. Bf4 Re7 46. Re1 Rge8 47. Rd2 Kg8
48. c4 Nc3 49. e5 b5 50. cxb5 Nxb5 51. Bg5 Rf7 52. Rxd8 Rxd8 1-0

[Event "Keres Memorial"]
[Site "Tallinn"]
[Date "2000.01.23"]
[Round "6"]
[White "Ivanchuk, Vassily"]
[Black "Shirov, Alexei"]
[Result "1-0"]
[WhiteElo "2709"]
[BlackElo "2751"]
[PlyCount "73"]
[EventDate "2000.01.22"]
[EventType "tourn (rapid)"]
[EventRounds "7"]
[EventCountry "EST"]
[SourceTitle "CBM 074 Extra"]
[Source "ChessBase"]
[SourceDate "2000.03.10"]
[SourceVersion "2"]
[SourceVersionDate "2000.03.10"]
[SourceQuality "1"]

1. d4 Nf6 2. c4 g6 3. Nc3 d5 4. cxd5 Nxd5 5. e4 Nxc3 6. bxc3 Bg7 7. Bc4 c5 8.
Ne2 O-O 9. O-O cxd4 10. cxd4 Nc6 11. Be3 Bg4 12. f3 Na5 13. Bxf7+ Rxf7 14. fxg4
Rxf1+ 15. Kxf1 e5 16. Kg1 exd4 17. Bxd4 Bxd4+ 18. Nxd4 Rc8 19. Nf3 Qxd1+ 20.
Rxd1 Rc2 21. Rd8+ Kg7 22. Rd7+ Kg8 23. Ng5 h6 24. Ne6 Rxa2 25. Rg7+ Kh8 26.
Rxg6 Nc4 27. h3 a5 28. Rxh6+ Kg8 29. g5 Ne3 30. Rg6+ Kf7 31. Nf4 a4 32. Rb6 a3
33. Rxb7+ Kg8 34. Ra7 Ra1+ 35. Kf2 Nd1+ 36. Kf3 Nc3 37. Nd5 1-0

[Event "Titled Tue 18th Aug"]
[Site "chess.com INT"]
[Date "2020.08.18"]
[Round "7"]
[White "Le Quang Liem"]
[Black "Sorkin, I."]
[Result "1-0"]
[WhiteElo "2709"]
[BlackElo "2383"]
[PlyCount "43"]
[EventDate "2020.08.18"]
[EventType "swiss (blitz)"]
[EventRounds "10"]
[SourceTitle "The Week in Chess 1346"]
[Source "Mark Crowther"]
[SourceDate "2020.08.24"]
[SourceVersion "1"]
[SourceVersionDate "2020.08.24"]
[SourceQuality "2"]

1. Nf3 Nf6 2. c4 e6 3. g3 d5 4. Bg2 Be7 5. O-O O-O 6. d4 b6 7. cxd5 exd5 8. Nc3
Bb7 9. Bf4 c5 10. Rc1 Na6 11. Ne5 Nc7 12. dxc5 bxc5 13. Nc4 Rb8 14. Bxc7 Qxc7
15. Nxd5 Bxd5 16. Bxd5 Rfd8 17. e4 Nxe4 18. Qh5 g6 19. Bxf7+ Kxf7 20. Qxh7+ Kf6
21. Qh4+ Kf5 22. Ne3+ 1-0

[Event "Titled Tuesday 23rd Feb"]
[Site "chess.com INT"]
[Date "2021.02.23"]
[Round "2"]
[White "Xiong, Jeffery"]
[Black "Herrera Reyes, J."]
[Result "1-0"]
[WhiteElo "2709"]
[BlackElo "2304"]
[PlyCount "91"]
[EventDate "2021.02.23"]
[EventType "swiss (blitz)"]
[EventRounds "11"]
[SourceTitle "The Week in Chess 1373"]
[Source "Mark Crowther"]
[SourceDate "2021.03.01"]
[SourceVersion "1"]
[SourceVersionDate "2021.03.01"]
[SourceQuality "2"]

1. d4 Nf6 2. c4 c5 3. d5 b5 4. Nf3 g6 5. Qc2 Bg7 6. e4 O-O 7. cxb5 a6 8. b6
Qxb6 9. Nc3 e6 10. Na4 Qb4+ 11. Nd2 exd5 12. a3 Qd4 13. Nxc5 Nxe4 14. Ncxe4
dxe4 15. Nc4 d5 16. Be3 Qf6 17. Nb6 d4 18. Nxa8 dxe3 19. fxe3 Bb7 20. Nc7 Rc8
21. Rd1 Qg5 22. Bc4 Rxc7 23. O-O Nc6 24. Bxf7+ Kh8 25. Bd5 Qxe3+ 26. Kh1 Be5
27. Rde1 Qh6 28. h3 Ne7 29. Qxe4 Bxd5 30. Qxe5+ Kg8 31. Qxc7 Qxh3+ 32. Qh2
Bxg2+ 33. Kg1 Bxf1 34. Qb8+ Kf7 35. Rxf1+ Nf5 36. Qb7+ Kf6 37. Qxa6+ Kg7 38.
Qb7+ Kg8 39. Qf3 Qh4 40. Qf4 Qh3 41. Rc1 Nh4 42. Rc2 Nf3+ 43. Kf2 Nh4 44. Qc4+
Kg7 45. Qc3+ Kh6 46. Qxh3 1-0

[Event "Chess.com Bullet Open KO"]
[Site "chess.com INT"]
[Date "2020.12.20"]
[Round "2.2"]
[White "Xiong, Jeffery"]
[Black "Naroditsky, D."]
[Result "1-0"]
[WhiteElo "2709"]
[BlackElo "2621"]
[PlyCount "63"]
[EventDate "2020.12.20"]
[EventType "k.o. (blitz)"]
[EventRounds "4"]
[SourceTitle "The Week in Chess 1363"]
[Source "Mark Crowther"]
[SourceDate "2020.12.21"]
[SourceVersion "1"]
[SourceVersionDate "2020.12.21"]
[SourceQuality "2"]

1. d4 Nf6 2. Nf3 g6 3. Nbd2 Bg7 4. e4 d6 5. Bd3 O-O 6. O-O Nc6 7. c3 e5 8. dxe5
Nxe5 9. Nxe5 dxe5 10. Qe2 Qe7 11. Nc4 c6 12. Bg5 h6 13. Bh4 Re8 14. f4 exf4 15.
e5 Qc5+ 16. Bf2 Qd5 17. Qc2 Ng4 18. Bd4 c5 19. Nd6 Re7 20. Bc4 Qc6 21. Qxg6
cxd4 22. Bxf7+ Kh8 23. cxd4 Ne3 24. Rac1 Qb6 25. Rxf4 Bd7 26. Bb3 Be6 27. Rc3
Nd5 28. Bxd5 Bxd5 29. Rh3 Re6 30. Nf7+ Kg8 31. Nxh6+ Kh8 32. Nf7+ 1-0

[Event "Titled Tuesday 26th Jan"]
[Site "chess.com INT"]
[Date "2021.01.26"]
[Round "11"]
[White "Xiong, Jeffery"]
[Black "Tomashevsky, E."]
[Result "1-0"]
[WhiteElo "2709"]
[BlackElo "2706"]
[PlyCount "81"]
[EventDate "2021.01.26"]
[EventType "blitz"]
[EventRounds "11"]
[SourceTitle "The Week in Chess 1369"]
[Source "Mark Crowther"]
[SourceDate "2021.02.01"]
[SourceVersion "1"]
[SourceVersionDate "2021.02.01"]
[SourceQuality "2"]

1. e4 e5 2. Nf3 Nc6 3. d4 exd4 4. Nxd4 Nf6 5. Nc3 Bb4 6. Nxc6 bxc6 7. Bd3 d5 8.
exd5 O-O 9. O-O cxd5 10. Qf3 c6 11. h3 Re8 12. Bf4 Bd6 13. Rfe1 Be6 14. Ne2 Rb8
15. b3 Qc7 16. Rad1 a5 17. c4 a4 18. bxa4 Ra8 19. Bc2 Bxf4 20. Nxf4 Qd6 21. Bb3
h6 22. cxd5 cxd5 23. Rd4 Reb8 24. Red1 Rb4 25. Nxd5 Nxd5 26. Rxd5 Bxd5 27. Bxd5
Ra7 28. Bxf7+ Rxf7 29. Qxf7+ Kxf7 30. Rxd6 Rxa4 31. Rd2 g5 32. Kf1 Ke6 33. Ke2
Ke5 34. Kd1 Rc4 35. Rc2 Rb4 36. Kc1 Rb6 37. Rd2 Ke4 38. Kc2 Rc6+ 39. Kb3 Rb6+
40. Kc4 Rc6+ 41. Kb5 1-0

[Event "Titled Tuesday 17th Nov"]
[Site "chess.com INT"]
[Date "2020.11.17"]
[Round "6"]
[White "Xiong, Jeffery"]
[Black "Vazquez, Facundo"]
[Result "1-0"]
[WhiteElo "2709"]
[BlackElo "2207"]
[PlyCount "61"]
[EventDate "2020.11.17"]
[EventType "swiss (blitz)"]
[EventRounds "11"]
[SourceTitle "The Week in Chess 1359"]
[Source "Mark Crowther"]
[SourceDate "2020.11.23"]
[SourceVersion "2"]
[SourceVersionDate "2020.11.24"]
[SourceQuality "2"]

1. e4 e6 2. d4 d5 3. exd5 exd5 4. Nf3 Nc6 5. Nc3 Nf6 6. Bd3 Bd6 7. O-O O-O 8.
Bg5 Be6 9. Re1 h6 10. Bh4 Be7 11. h3 Re8 12. a3 Nh7 13. Bxe7 Rxe7 14. Qd2 Qd7
15. Qf4 Rae8 16. Re3 Ng5 17. Nxg5 hxg5 18. Qxg5 Nxd4 19. Rg3 f5 20. Rd1 c5 21.
Ne2 Nxe2+ 22. Bxe2 Rf7 23. Bh5 f4 24. Bxf7+ Qxf7 25. Rf3 Rf8 26. Re1 d4 27.
Qxc5 Bd5 28. Re7 Qf5 29. Qxd4 Qg5 30. Re5 Rf5 31. Qxd5+ 1-0

[Event "RUS-chT"]
[Site "Tomsk"]
[Date "2001.05.16"]
[Round "4"]
[White "Bareev, Evgeny"]
[Black "Burmakin, Vladimir"]
[Result "1/2-1/2"]
[WhiteElo "2709"]
[BlackElo "2522"]
[PlyCount "129"]
[EventDate "2001.05.13"]
[EventType "team"]
[EventRounds "8"]
[EventCountry "RUS"]
[SourceTitle "CBM 082 Extra"]
[Source "ChessBase"]
[SourceDate "2001.07.03"]
[SourceVersion "1"]
[SourceVersionDate "2001.07.03"]
[SourceQuality "1"]

1. d4 d5 2. c4 c6 3. Nf3 Nf6 4. e3 Bf5 5. Nc3 e6 6. Nh4 Bg6 7. Qb3 Qc7 8. Nxg6
hxg6 9. h3 Nbd7 10. Bd2 Be7 11. Rc1 Qb6 12. Qc2 O-O 13. Be2 dxc4 14. Bxc4 c5
15. dxc5 Nxc5 16. O-O Rfd8 17. Rfd1 Rac8 18. a3 Ne8 19. b4 Nd7 20. Qb3 Ne5 21.
Na4 Qc6 22. Be2 Qd5 23. Qxd5 exd5 24. Rxc8 Rxc8 25. Nc3 Nf6 26. Be1 Nc4 27.
Nxd5 Nxd5 28. Bxc4 Nxe3 29. Bxf7+ Kxf7 30. fxe3 Ke6 31. Kf2 Rc2+ 32. Kf3 Ra2
33. Rd3 b6 34. Rc3 Bf6 35. Rb3 Kd5 36. b5 Kc5 37. Rb1 Bb2 38. a4 Kc4 39. Bd2
Kd3 40. Bb4 Kc2 41. Rf1 Rxa4 42. Be1 a6 43. bxa6 b5 44. Rf2+ Kb3 45. Ke2 Rxa6
46. Rf7 b4 47. Rb7 Bc3 48. Bxc3 Kxc3 49. Rc7+ Kb2 50. Rxg7 b3 51. Rb7 Ka2 52.
Kf3 b2 53. Kf4 b1=Q 54. Rxb1 Kxb1 55. Kg5 Kc2 56. h4 Kd3 57. g4 Kxe3 58. h5
gxh5 59. gxh5 Ra5+ 60. Kg4 Ra4+ 61. Kg5 Ra5+ 62. Kg4 Ra1 63. h6 Ke4 64. Kg5 Ke5
65. h7 1/2-1/2

[Event "World Cup of Rapid Chess KO"]
[Site "Cannes"]
[Date "2001.03.24"]
[Round "2.2"]
[White "Bareev, Evgeny"]
[Black "Polgar, Judit"]
[Result "1/2-1/2"]
[WhiteElo "2709"]
[BlackElo "2676"]
[PlyCount "77"]
[EventDate "2001.03.24"]
[EventType "k.o. (rapid)"]
[EventRounds "3"]
[EventCountry "FRA"]
[SourceTitle "CBM 082"]
[Source "ChessBase"]
[SourceDate "2001.05.17"]
[SourceVersion "1"]
[SourceVersionDate "2001.05.17"]
[SourceQuality "1"]

1. c4 Nf6 2. Nc3 g6 3. g3 Bg7 4. Bg2 O-O 5. d3 e5 6. e4 d6 7. Nge2 c6 8. O-O a6
9. b4 Be6 10. a4 Nh5 11. b5 f5 12. exf5 gxf5 13. bxc6 bxc6 14. f4 Nf6 15. Rb1
Ra7 16. Ba3 Re8 17. Qd2 Rf7 18. Rb2 Qc7 19. Kh1 Nbd7 20. Rfb1 d5 21. Rb7 Qd8
22. cxd5 Nxd5 23. Bd6 Qa5 24. fxe5 Nxe5 25. Bxe5 Bxe5 26. Qg5+ Bg7 27. Rb8 Bc8
28. Nxd5 cxd5 29. h3 h6 30. Qh5 Rd8 31. Nf4 Be5 32. Rxc8 Rxc8 33. Bxd5 Rcf8 34.
Qg6+ Bg7 35. Bxf7+ Rxf7 36. Rb8+ Rf8 37. Rxf8+ Kxf8 38. Ne6+ Ke7 39. Nxg7
1/2-1/2

[Event "Aimchess US Rapid Prelim"]
[Site "chess24.com INT"]
[Date "2021.08.30"]
[Round "11.6"]
[White "Le, Quang Liem"]
[Black "Dominguez Perez, Leinier"]
[Result "0-1"]
[WhiteElo "2709"]
[BlackElo "2758"]
[PlyCount "124"]
[EventDate "2021.08.28"]
[EventType "rapid"]
[SourceVersionDate "2018.05.14"]

1. d4 d5 2. c4 dxc4 3. Nf3 Nf6 4. e3 e6 5. Bxc4 c5 6. O-O Nc6 7. dxc5 Qxd1 8.
Rxd1 Bxc5 9. a3 O-O 10. b4 Be7 11. Bb2 Bd7 12. Nbd2 Rfd8 13. Rac1 Be8 14. Kf1
Rac8 15. Be2 Nb8 16. Rxc8 Rxc8 17. Nc4 Nd5 18. Nd4 Ba4 19. Rc1 Be8 20. g3 b5
21. Na5 Rxc1+ 22. Bxc1 a6 23. e4 Nc3 24. Bd3 Bf6 25. Nab3 e5 26. Nf5 Bc6 27. f3
Na4 28. Ke2 Kf8 29. h4 Bd8 30. Be3 Nd7 31. Na5 Bxa5 32. bxa5 Nb2 33. Bd2 Nxd3
34. Kxd3 f6 35. Bb4+ Kf7 36. Ke3 g6 37. Nd6+ Ke6 38. f4 exf4+ 39. gxf4 f5 40.
e5 h6 41. Kd4 g5 42. Ne8 Nxe5 43. Nc7+ Kd7 44. Kxe5 gxh4 45. Be1 h3 46. Bg3
Kxc7 47. Kxf5 Bd7+ 48. Kg6 Kd6 49. f5+ Kc5 50. f6 Be6 51. f7 Bxf7+ 52. Kxf7 Kc4
53. Kg6 Kb3 54. Bd6 Ka4 55. Kxh6 Kxa5 56. Kg5 Ka4 57. Kg4 h2 58. Bxh2 Kxa3 59.
Kf3 b4 60. Bd6 a5 61. Ke2 Ka2 62. Kd2 b3 0-1

[Event "chess.com Junior Speed"]
[Site "chess.com INT"]
[Date "2021.07.11"]
[Round "1.15"]
[White "Xiong, Jeffery"]
[Black "Lazavik, Denis"]
[Result "0-1"]
[WhiteElo "2709"]
[BlackElo "2440"]
[PlyCount "78"]
[EventDate "2021.07.01"]
[EventType "k.o. (blitz)"]
[EventRounds "4"]
[SourceTitle "The Week in Chess 1392"]
[Source "Mark Crowther"]
[SourceDate "2021.07.12"]
[SourceVersion "1"]
[SourceVersionDate "2021.07.20"]
[SourceQuality "2"]

1. d4 Nf6 2. c4 e6 3. Nc3 Bb4 4. e3 O-O 5. Bd2 d5 6. Nf3 b6 7. cxd5 exd5 8. Rc1
a6 9. Bd3 Bb7 10. O-O Nbd7 11. Ne5 Bd6 12. f4 Ne4 13. Nxe4 dxe4 14. Bc4 Nf6 15.
Be1 c5 16. Qb3 Qc7 17. dxc5 Bxc5 18. Bh4 Ne8 19. Rfd1 Nd6 20. Rxd6 Qxd6 21. Rd1
Bxe3+ 22. Kh1 Bd4 23. Bxf7+ Kh8 24. Be7 Qh6 25. Bg5 Qxg5 26. fxg5 Bxe5 27. g6
h6 28. Qxb6 Rab8 29. b3 Bf6 30. h3 Ba8 31. Qa7 Rbd8 32. Rf1 Bd4 33. Qxa6 e3 34.
Bc4 Bc5 35. Qa5 Rxf1+ 36. Bxf1 Be7 37. Qc7 Bg5 38. Kh2 Rf8 39. Bc4 Bf4+ 0-1